Devinez la Capitale Mystère #3 - Statistiques

Statistiques générales
  • Ce quiz a été pris 495 fois
  • Le résultat moyen est 29 sur 35
Statistiques - réponses
Type de Réponse Réponse % Correct
Lettre Trouvée A
99%
Lettre de l'Alphabet I
99%
Lettre Trouvée R
99%
Lettre de l'Alphabet S
99%
Lettre Trouvée E
98%
Lettre Bien Placée A
97%
Lettre Trouvée B
97%
Lettre Trouvée N
97%
Lettre de l'Alphabet O
97%
Lettre de l'Alphabet P
97%
Lettre de l'Alphabet L
96%
Lettre de l'Alphabet D
93%
Lettre de l'Alphabet M
93%
Lettre de l'Alphabet T
93%
Lettre de l'Alphabet U
90%
Lettre de l'Alphabet G
88%
Lettre de l'Alphabet K
86%
Lettre Trouvée C
82%
Lettre Bien Placée N
82%
Lettre de l'Alphabet H
81%
Lettre Bien Placée E
77%
Lettre de l'Alphabet V
77%
Lettre de l'Alphabet W
77%
Lettre Bien Placée A
74%
Lettre de l'Alphabet J
71%
Lettre de l'Alphabet X
71%
Lettre de l'Alphabet Y
71%
Lettre Bien Placée B
68%
Lettre Bien Placée R
67%
Lettre de l'Alphabet Z
66%
Lettre de l'Alphabet F
63%
Lettre de l'Alphabet Q
62%
Lettre Bien Placée C
61%
Capitale Mystère Canberra
60%
Lettre Bien Placée R
60%
Aucun quiz correspondant
Distribution des résultats
% des personnes avec chaque résultat
Percentile par nombre de réponses
Votre historique - résultats
Vous n’avez pas pris ce quiz